Open Data Biblioteca Nacional de Portugal


República Portuguesa: Ministério da Cultura
Biblioteca Nacional de Portugal

Catálogo da BNP: acesso por Identificadores Unívocos
Registos Bibliográficos associados ao registo de autoridade

Etiqueta de registo: 00230nam 2200025 450
001 1833486
003 http://id.bnportugal.gov.pt/bib/catbnp/1833486
010 ## $a978-989-97003-5-2
021 ## $aPT$b340859/12
100 ## $a20130308d2012 m y0pory01030103ba
101 0# $apor
102 ## $aPT
105 ## $aa z 000yy
106 ## $ar
200 1# $a Os mosteiros cistercienses na região das beiras$e um percurso entre a arquitectura e a história$fAna Maria Tavares Martins$gdes. Jorge Braga da Costa$gpref. Maria Teresa Pérez Cano, Eduardo Mosquera Adell$gfot. Ana Maria Tavares Martins
210 #9 $aViseu$cQuartzo,$d2012
215 ## $a87, [1] p.$cil.$d24 cm
320 ## $aBibliografia, p. 85-86
675 ## $a726.71(469.3)(091)$vBN$zpor$31525159
675 ## $a272-523(469.3)(091)$vBN$zpor$31525160
675 ## $a272-789.2(469.3)(091)$vBN$zpor$31525161
700 #1 $aMartins,$bAna Maria Tavares Ferreira$31497213
702 #1 $aCosta,$bJorge Braga da$f1944-2015$4440$3186858
702 #1 $aPérez Cano,$bMaria Teresa$4080$31329643
702 #1 $aAdell,$bEduardo Mosquera$4080$31497221
801 #0 $aPT$bBN$gRPC
856 41 $uhttp://rnod.bnportugal.gov.pt/ImagesBN/winlibimg.aspx?skey=&doc=1833486&img=25824&save=true
900 ## $aBIBNAC$d20130531
966 ## $lBN$mFGMON$sB.A. 36017 V.
966 ## $lBN$mFGMON$sB.A. 36017 V.-D

Etiqueta de registo: 00230nam 2200025 450
001 1813675
003 http://id.bnportugal.gov.pt/bib/catbnp/1813675
100 ## $a20120618d2011 k y0pory01030103ba
101 0# $aporspa$aspa
102 ## $aES
105 ## $aa m 000yy
106 ## $ar
200 1# $a As arquitecturas de Cister em Portugal$e a actualidade das suas reabilitações e a sua inserção no território$d Las arquitecturas del Císter en Portugal$e la actualidad de sus rehabilitaciones y su inserción en el territorio$fAna Maria Tavares Ferreira Martins$gorient. Eduardo Mosquera Adell, María Teresa Pérez Cano$zspa
210 #9 $aSevilla$c[s.n.],$d2011
215 ## $a3 v.$cil.$d30 cm
305 ## $aEd. bilingue em português e espanhol
320 ## $aContém bibliografia
327 1# $a1º v.: 650 p.$a2º v.: p. 646-1190$a3º v.: p. 1193-1778
328 #1 $aTese dout. Europea, Dep. de Historia, Teoría y Composición Arquitectónicas, Univ. de Sevilla, 2011
510 1# $a Las arquitecturas del císter en Portugal$e la actualidad de sus rehabilitaciones y su inserción en el territorio$zspa
675 ## $a726(469)(043)$vBN$zpor$31497943
675 ## $a27-788(469)(043)$vBN$zpor$31497944
700 #1 $aMartins,$bAna Maria Tavares Ferreira$31497213
702 #1 $aAdell,$bEduardo Mosquera$4727$31497221
702 #1 $aPérez Cano,$bMaria Teresa$4727$31329643
801 #0 $aPT$bBN$gRPC
966 ## $b001$d1º v.$lBN$mFGMON$sB.A. 34442 V.$x1
966 ## $b001$d2º v.$lBN$mFGMON$sB.A. 34443 V.$x1
966 ## $b001$d3º v.$lBN$mFGMON$sB.A. 34444 V.$x1

Etiqueta de registo: 00254nam 2200025 450
001 2285954
003 http://id.bnportugal.gov.pt/bib/catbnp/2285954
010 ## $a978-989-8053-44-2
021 ## $aPT$b554757/25
100 ## $a20260507d2025 k d0pory01030103ba
101 0# $apor$aeng$aspa$deng
102 ## $aPT
105 ## $aa z 000yy
106 ## $ar
200 1# $a ( Re)interpretações do património conventual feminino$eespaços, memórias e reutilizações$dRe-interpreting female conventual heritage$espace, memories, and reuse$fSeminário Internacional$gdir. Catarina Almeida Marado... [et al.]$gcomissão científica Eduardo Mosquera Adell... [et al.]$gtextos Andreia Fidalgo... [et al.]$zeng
210 #9 $aLagoa [etc.]$cMunicípio de Lagoa - Divisão de Cultura [etc.],$d2025
215 ## $a222 p.$cil.$d24 cm
510 1# $aRe-interpreting female conventual heritage$espace, memories, and reuse$zeng
701 #1 $aFidalgo,$bAndreia,$f1986-$4070$31466695
702 #1 $aMarado,$bCatarina Almeida$4300$31232626
702 #1 $aAdell,$bEduardo Mosquera$4695$31497221
710 12 $aSeminário Internacional "Novos Olhares Sobre a Arquitetura e o Património Conventual Feminino",$eLagoa,$f2024$31997896
801 #0 $aPT$bBN$gRPC
966 ## $lBN$mFGMON$x1
966 ## $lBN$mFGMON$x1
971 ## $cssilva$d20260507

OpendataBNP@bnportugal.pt | Mais informação sobre acesso aos dados BNP